[Event "Nizhnij Novgorod Cup of Nadezhda"]
[Site "Nizhnij Novgorod"]
[Date "2011.08.08"]
[Round "?"]
[White "Lunin, Igor"]
[Black "Sedova, Evgenia"]
[Result "0-1"]
[WhiteElo "1755"]
[BlackElo "1924"]
[PlyCount "56"]
[EventDate "2011.08.08"]
[EventType "swiss"]
[EventRounds "8"]
[EventCountry "RUS"]
[SourceTitle "EXT 2022"]
[Source "ChessBase"]
[SourceDate "2021.10.06"]
[SourceVersion "1"]
[SourceVersionDate "2021.10.06"]
[SourceQuality "1"]

1. Nf3 d5 2. g3 c6 3. Bg2 g6 4. d4 Bg7 5. 0-0 Nd7 6. b3 e5 7. Bb2 e4 8. Ne1 f5 9. e3 Ngf6 10. Nd2 h5 11. c4 h4 12. cxd5 cxd5 13. Rc1 hxg3 14. fxg3 Ng4 15. Qe2 Rxh2 16. Qb5 Qg5 17. Rf4 a6 18. Qxd5 Rxg2+ 19. Nxg2 Ndf6 20. Rxc8+ Rxc8 21. Qe6+ Kd8 22. Qd6+ Nd7 23. Ba3 Bf8 24. Rxg4 Qxg4 25. Nc4 Bxd6 26. Bxd6 b5 27. Nd2 Qd1+ 28. Nf1 Rc1 0-1

[Event "Nizhnij Novgorod Cup of Nadezhda"]
[Site "Nizhnij Novgorod"]
[Date "2011.08.08"]
[Round "?"]
[White "Sedova, Evgenia"]
[Black "Mylnikov, Vasily"]
[Result "1-0"]
[WhiteElo "1924"]
[BlackElo "1738"]
[PlyCount "53"]
[EventDate "2011.08.08"]
[EventType "swiss"]
[EventRounds "8"]
[EventCountry "RUS"]
[SourceTitle "EXT 2022"]
[Source "ChessBase"]
[SourceDate "2021.10.06"]
[SourceVersion "1"]
[SourceVersionDate "2021.10.06"]
[SourceQuality "1"]

1. d4 d5 2. Nf3 Nf6 3. c4 c6 4. Nc3 e6 5. cxd5 exd5 6. Bg5 Be7 7. Qc2 Bg4 8. Ne5 Bh5 9. e3 Nbd7 10. Qf5 Bg6 11. Nxg6 hxg6 12. Qf3 Qb6 13. Rb1 Bb4 14. Bd3 0-0-0 15. 0-0 Bd6 16. h3 Rh5 17. Bf4 Qc7 18. Nb5 Bxf4 19. Nxc7 Bxc7 20. b4 g5 21. Bf5 g6 22. Bxd7+ Nxd7 23. Qxf7 Rh6 24. Qe6 Kb8 25. b5 Nb6 26. bxc6 bxc6 27. a4 1-0

[Event "RUS-ch (Women) 1st League 61st"]
[Site "Ivanovo"]
[Date "2011.03.01"]
[Round "9"]
[White "Sedova, Evgenia"]
[Black "Pershina, Elena"]
[Result "1-0"]
[WhiteElo "1902"]
[BlackElo "2053"]
[PlyCount "79"]
[EventDate "2011.02.21"]
[EventType "swiss"]
[EventRounds "9"]
[EventCountry "RUS"]
[SourceTitle "CBM 141 Extra"]
[Source "ChessBase"]
[SourceDate "2011.05.03"]
[SourceVersion "1"]
[SourceVersionDate "2011.05.03"]
[SourceQuality "1"]

1. d4 Nf6 2. c4 c5 3. d5 e5 4. Nc3 d6 5. e4 Nbd7 6. a4 Be7 7. Bd3 0-0 8. f4 exf4 9. Bxf4 Ne5 10. h3 Qb6 11. Nb5 Qa5+ 12. Nc3 Bd7 13. Nf3 Nxd3+ 14. Qxd3 Nh5 15. Bh2 Rae8 16. 0-0 Qb6 17. e5 dxe5 18. Nxe5 Bc8 19. Ne4 Rd8 20. b3 f5 21. Nc3 Nf6 22. a5 Qa6 23. Nb5 Ne4 24. d6 Bxd6 25. Qd5+ Kh8 26. Nf7+ Rxf7 27. Qxf7 Bxh2+ 28. Kxh2 Qh6 29. Rad1 Rg8 30. Nxa7 Be6 31. Qxb7 Qh4 32. Qc7 Nf2 33. Rde1 Ne4 34. Qf4 Qh5 35. Nb5 Rd8 36. a6 Qe8 37. Nc7 Qc6 38. Nxe6 Qxe6 39. Qxf5 Qd6+ 40. Qf4 1-0

[Event "Nizhnij Novgorod Dubinin Memorial 18th"]
[Site "Nizhnij Novgorod"]
[Date "2011.01.03"]
[Round "?"]
[White "Sedova, Evgenia"]
[Black "Bojarinov, Victor A"]
[Result "0-1"]
[WhiteElo "1902"]
[BlackElo "2301"]
[PlyCount "34"]
[EventDate "2011.01.03"]
[EventType "swiss"]
[EventRounds "9"]
[EventCountry "RUS"]
[SourceTitle "EXT 2012"]
[Source "ChessBase"]
[SourceDate "2011.11.24"]
[SourceVersion "1"]
[SourceVersionDate "2011.11.24"]
[SourceQuality "1"]

1. d4 Nf6 2. c4 e6 3. Nf3 a6 4. a3 b5 5. c5 d6 6. b4 a5 7. Bb2 axb4 8. axb4 Rxa1 9. Bxa1 Nd5 10. e4 Nxb4 11. cxd6 cxd6 12. Bxb5+ Bd7 13. Bxd7+ Nxd7 14. d5 Qa5 15. Bc3 Qb5 16. Nd4 Qc4 17. Qe2 Nd3+ 0-1

[Event "Nizhnij Novgorod Dubinin Memorial 18th"]
[Site "Nizhnij Novgorod"]
[Date "2011.01.03"]
[Round "?"]
[White "Sedova, Evgenia"]
[Black "Lunin, Egor"]
[Result "1-0"]
[WhiteElo "1902"]
[BlackElo "2064"]
[PlyCount "29"]
[EventDate "2011.01.03"]
[EventType "swiss"]
[EventRounds "9"]
[EventCountry "RUS"]
[SourceTitle "EXT 2012"]
[Source "ChessBase"]
[SourceDate "2011.11.24"]
[SourceVersion "1"]
[SourceVersionDate "2011.11.24"]
[SourceQuality "1"]

1. d4 Nf6 2. c4 g6 3. Nc3 Bg7 4. e4 0-0 5. Nf3 d6 6. Be2 c5 7. 0-0 cxd4 8. Nxd4 Na6 9. Be3 Nc5 10. f3 a6 11. b4 Ncd7 12. Rc1 Ne5 13. Qb3 Bd7 14. Rfd1 Nc6 15. c5 1-0

[Event "Nizhnij Novgorod Dubinin Memorial 18th"]
[Site "Nizhnij Novgorod"]
[Date "2011.01.03"]
[Round "?"]
[White "Sedova, Evgenia"]
[Black "Mulenko, Alexander"]
[Result "1-0"]
[WhiteElo "1902"]
[BlackElo "2081"]
[PlyCount "31"]
[EventDate "2011.01.03"]
[EventType "swiss"]
[EventRounds "9"]
[EventCountry "RUS"]
[SourceTitle "EXT 2012"]
[Source "ChessBase"]
[SourceDate "2011.11.24"]
[SourceVersion "1"]
[SourceVersionDate "2011.11.24"]
[SourceQuality "1"]

1. d4 Nf6 2. c4 e6 3. Nf3 Bb4+ 4. Bd2 c5 5. e3 b6 6. Be2 Bb7 7. 0-0 0-0 8. Bxb4 cxb4 9. a3 bxa3 10. Rxa3 a5 11. Nc3 Na6 12. Qb1 d6 13. e4 Qe7 14. Rd1 e5 15. dxe5 dxe5 16. Nd5 1-0

[Event "Kostroma Volga Cup op"]
[Site "Kostroma"]
[Date "2010.07.??"]
[Round "3"]
[White "Karachinskaya, Elizaveta"]
[Black "Sedova, Evgenia"]
[Result "1-0"]
[WhiteElo "1560"]
[BlackElo "1941"]
[PlyCount "83"]
[EventDate "2010.07.??"]
[EventType "swiss"]
[EventRounds "9"]
[EventCountry "RUS"]
[SourceTitle "EXT 2011"]
[Source "ChessBase"]
[SourceDate "2010.11.26"]
[SourceVersion "1"]
[SourceVersionDate "2010.11.26"]
[SourceQuality "1"]

1. e4 c5 2. c3 e6 3. d4 cxd4 4. cxd4 d5 5. e5 Nc6 6. Nf3 Nge7 7. Bd3 Nf5 8. Bxf5 exf5 9. Nc3 Be6 10. 0-0 Be7 11. Be3 g5 12. a3 f4 13. Bc1 h5 14. b4 g4 15. Ne1 Bg5 16. b5 Ne7 17. Nd3 Ng6 18. Qb3 Rc8 19. Nc5 b6 20. Nd3 Rc4 21. Nb4 h4 22. Nc6 Qd7 23. g3 Bh6 24. a4 a5 25. Nd1 Rxc1 26. Rxc1 fxg3 27. Ne3 gxh2+ 28. Kxh2 Bf4+ 29. Kg1 h3 30. Rc3 h2+ 31. Kh1 Bxe3 32. Rxe3 Bf5 33. Rfe1 Nf4 34. Rg3 Qe6 35. Qa3 Kd7 36. Ree3 Rh6 37. Re1 Qe8 38. Ree3 Qe6 39. Re1 Be4+ 40. Rxe4 dxe4 41. Qf8 Qf6 42. exf6 1-0

[Event "Kostroma Volga Cup op"]
[Site "Kostroma"]
[Date "2010.07.??"]
[Round "8"]
[White "Ponikarovsky, Alexey"]
[Black "Sedova, Evgenia"]
[Result "1-0"]
[WhiteElo "2297"]
[BlackElo "1941"]
[PlyCount "87"]
[EventDate "2010.07.??"]
[EventType "swiss"]
[EventRounds "9"]
[EventCountry "RUS"]
[SourceTitle "EXT 2011"]
[Source "ChessBase"]
[SourceDate "2010.11.26"]
[SourceVersion "1"]
[SourceVersionDate "2010.11.26"]
[SourceQuality "1"]

1. d4 d5 2. c4 c6 3. cxd5 cxd5 4. Nf3 Nf6 5. Bf4 Nc6 6. e3 a6 7. Nbd2 Bf5 8. Be2 Rc8 9. 0-0 Qb6 10. Qb3 Qxb3 11. Nxb3 Ne4 12. Rac1 e6 13. Na5 Bd6 14. Nxb7 Bxf4 15. exf4 Ke7 16. Nc5 a5 17. Ba6 Rc7 18. Nxe4 Bxe4 19. Ne5 Kd6 20. f3 Bg6 21. Rxc6+ Rxc6 22. Nxc6 Kxc6 23. Rc1+ Kd6 24. Bb5 Rb8 25. Rc6+ Ke7 26. a4 Rb7 27. Kf2 f6 28. Rc8 Kd6 29. Ke3 e5 30. fxe5+ fxe5 31. Rc6+ Ke7 32. dxe5 Be8 33. Rc5 Bf7 34. f4 g6 35. Kd4 h5 36. h3 Ke6 37. g4 hxg4 38. hxg4 Ke7 39. f5 gxf5 40. gxf5 Bg8 41. f6+ Ke6 42. Rxd5 Rh7 43. Rd6+ Kf5 44. Bd3+ 1-0

[Event "Kostroma Volga Cup op"]
[Site "Kostroma"]
[Date "2010.07.??"]
[Round "6"]
[White "Smirnova, Tatiana"]
[Black "Sedova, Evgenia"]
[Result "0-1"]
[WhiteElo "1740"]
[BlackElo "1941"]
[PlyCount "72"]
[EventDate "2010.07.??"]
[EventType "swiss"]
[EventRounds "9"]
[EventCountry "RUS"]
[SourceTitle "EXT 2011"]
[Source "ChessBase"]
[SourceDate "2010.11.26"]
[SourceVersion "1"]
[SourceVersionDate "2010.11.26"]
[SourceQuality "1"]

1. d4 d5 2. c4 c6 3. e3 Nf6 4. Nc3 g6 5. Nf3 Bg7 6. b3 Bf5 7. Bb2 0-0 8. Be2 Nbd7 9. 0-0 Re8 10. Rc1 Ne4 11. cxd5 Nxc3 12. Bxc3 cxd5 13. Nh4 Be6 14. Bg4 Bxg4 15. Qxg4 Nf6 16. Qg3 Rc8 17. Bb2 Qa5 18. a4 Ne4 19. Qg4 Rxc1 20. Rxc1 Qd2 21. Ba3 Qxf2+ 22. Kh1 Qa2 23. Qd7 Nf6 24. Qxb7 Qxa3 25. Rf1 Qd6 26. Qxa7 Ng4 27. Nf3 Nxe3 28. Re1 Nc2 29. Rb1 Rb8 30. a5 Nb4 31. Rc1 Na6 32. Re1 Rxb3 33. Rxe7 Rb1+ 34. Ng1 Rxg1+ 35. Kxg1 Bxd4+ 36. Qxd4 Qxe7 0-1

[Event "Nizhnij Novgorod Voroniatov Memorial 7t"]
[Site "Nizhnij Novgorod"]
[Date "2010.05.04"]
[Round "3"]
[White "Stepanushkin, Alexander"]
[Black "Sedova, Evgenia"]
[Result "1/2-1/2"]
[WhiteElo "2029"]
[BlackElo "1875"]
[PlyCount "36"]
[EventDate "2010.05.02"]
[EventType "swiss"]
[EventRounds "8"]
[EventCountry "RUS"]
[SourceTitle "CBM 136 Extra"]
[Source "ChessBase"]
[SourceDate "2010.07.02"]
[SourceVersion "2"]
[SourceVersionDate "2010.07.15"]
[SourceQuality "1"]

1. d4 d5 2. Bf4 Nf6 3. Nc3 c6 4. e3 Bf5 5. Bd3 Bxd3 6. Qxd3 e6 7. Nf3 Be7 8. h3 Nbd7 9. 0-0 0-0 10. Rfe1 c5 11. Rad1 Rc8 12. Ng5 a6 13. Nf3 Qb6 14. Rb1 cxd4 15. exd4 Rc4 16. Be3 Rfc8 17. Nd2 R4c6 18. Nf3 Rc4 1/2-1/2

[Event "Nizhnij Novgorod Voroniatov Memorial 7t"]
[Site "Nizhnij Novgorod"]
[Date "2010.05.03"]
[Round "2"]
[White "Sedova, Evgenia"]
[Black "Maneluk, Nikita"]
[Result "1/2-1/2"]
[WhiteElo "1875"]
[BlackElo "2200"]
[PlyCount "30"]
[EventDate "2010.05.02"]
[EventType "swiss"]
[EventRounds "8"]
[EventCountry "RUS"]
[SourceTitle "CBM 136 Extra"]
[Source "ChessBase"]
[SourceDate "2010.07.02"]
[SourceVersion "2"]
[SourceVersionDate "2010.07.15"]
[SourceQuality "1"]

1. e4 e5 2. Nf3 Nc6 3. Bb5 a6 4. Bxc6 dxc6 5. d4 exd4 6. Qxd4 Qxd4 7. Nxd4 Bd6 8. Nc3 Bb4 9. Bd2 Nf6 10. f3 0-0 11. 0-0 Rd8 12. Be3 Bxc3 13. bxc3 c5 14. Nb3 b6 15. Rad1 Bb7 1/2-1/2

[Event "Nizhnij Novgorod-ch"]
[Site "Nizhnij Novgorod"]
[Date "2010.03.??"]
[Round "?"]
[White "Korolev, Vladislav"]
[Black "Sedova, Evgenia"]
[Result "0-1"]
[WhiteElo "1714"]
[BlackElo "1913"]
[PlyCount "86"]
[EventDate "2010.03.13"]
[EventType "swiss"]
[EventRounds "9"]
[EventCountry "RUS"]
[SourceTitle "EXT 2022"]
[Source "ChessBase"]
[SourceDate "2021.10.06"]
[SourceVersion "1"]
[SourceVersionDate "2021.10.06"]
[SourceQuality "1"]

1. e4 c5 2. Nf3 Nc6 3. d4 cxd4 4. Nxd4 Qb6 5. Nf3 Nf6 6. Nc3 Ng4 7. Qe2 e6 8. h3 Nge5 9. Nxe5 Nxe5 10. Qb5 Qxb5 11. Nxb5 Bb4+ 12. c3 Ba5 13. Bf4 f6 14. Bxe5 fxe5 15. Nd6+ Ke7 16. 0-0-0 Rf8 17. f3 Bc7 18. Nxc8+ Raxc8 19. Bc4 a6 20. Rd3 b5 21. Bb3 Bb6 22. Rhd1 Rc7 23. Kb1 g5 24. a3 h5 25. g4 hxg4 26. hxg4 Rh8 27. R1d2 Bg1 28. Rd1 Bf2 29. R1d2 Rh1+ 30. Rd1 Rh3 31. a4 Bc5 32. Bc2 b4 33. a5 Rb7 34. Ba4 d6 35. Kc2 bxc3 36. bxc3 Ba3 37. c4 Rb2+ 38. Kc1 Ra2+ 39. Kb1 Rhh2 40. Rb3 Bc5 41. Rb7+ Kf8 42. Bd7 Bd4 43. Bxe6 Ra1# 0-1

[Event "Nizhnij Novgorod-ch"]
[Site "Nizhnij Novgorod"]
[Date "2010.03.??"]
[Round "?"]
[White "Sedova, Evgenia"]
[Black "Zuykov, Andrei V"]
[Result "0-1"]
[WhiteElo "1913"]
[BlackElo "2283"]
[PlyCount "76"]
[EventDate "2010.03.13"]
[EventType "swiss"]
[EventRounds "9"]
[EventCountry "RUS"]
[SourceTitle "EXT 2022"]
[Source "ChessBase"]
[SourceDate "2021.10.06"]
[SourceVersion "1"]
[SourceVersionDate "2021.10.06"]
[SourceQuality "1"]

1. d4 Nf6 2. c4 e6 3. Nf3 b6 4. a3 Bb7 5. Nc3 d5 6. Bg5 dxc4 7. e3 a6 8. Bxc4 h6 9. Bh4 b5 10. Be2 Nbd7 11. b4 Be7 12. 0-0 0-0 13. Qb3 Nb6 14. Ne5 Ne4 15. Bxe7 Qxe7 16. Rfc1 Qd6 17. Nxe4 Bxe4 18. Rc3 f6 19. Nf3 Rfc8 20. Nd2 Bd5 21. Qc2 Na4 22. Rd3 a5 23. e4 Bc4 24. Nxc4 bxc4 25. Rg3 axb4 26. Bxc4 Kh8 27. axb4 Nb6 28. Rd1 Nxc4 29. Qxc4 Ra4 30. Rb1 Rca8 31. h3 Ra1 32. Rgb3 R1a2 33. Qc5 Qf4 34. d5 exd5 35. exd5 Rd2 36. b5 Rd8 37. Rb4 Qe5 38. f4 Qe2 0-1

[Event "Nizhnij Novgorod Dubinin Memorial 17th"]
[Site "Nizhnij Novgorod"]
[Date "2010.??.??"]
[Round "?"]
[White "Gorishniy, Yuri"]
[Black "Sedova, Evgenia"]
[Result "1/2-1/2"]
[WhiteElo "2083"]
[BlackElo "1875"]
[PlyCount "89"]
[EventDate "2010.01.03"]
[EventType "swiss"]
[EventRounds "9"]
[EventCountry "RUS"]
[SourceTitle "CBM 134 Extra"]
[Source "ChessBase"]
[SourceDate "2010.03.03"]
[SourceVersion "1"]
[SourceVersionDate "2010.03.03"]
[SourceQuality "1"]

1. Nf3 d5 2. d4 Nf6 3. c4 c6 4. Nc3 dxc4 5. a4 a5 6. e4 Bg4 7. Bxc4 e6 8. Be3 Bb4 9. Qc2 Nbd7 10. Nd2 0-0 11. f3 Bh5 12. 0-0-0 b5 13. Bd3 Bg6 14. g4 c5 15. Nxb5 cxd4 16. Bxd4 Rc8 17. Nc4 Nc5 18. Bxc5 Rxc5 19. Kb1 Nd7 20. h4 f6 21. h5 Bf7 22. e5 f5 23. f4 Nb6 24. Nbd6 Qc7 25. Qe2 Nxa4 26. gxf5 Rb8 27. Ka1 Bc3 28. bxc3 Nxc3 29. Qc2 Nxd1 30. Rxd1 exf5 31. Nxf7 Qxf7 32. Qa2 Rb4 33. Nd6 Qxa2+ 34. Kxa2 Rxf4 35. e6 Ra4+ 36. Kb3 Rb4+ 37. Ka2 Ra4+ 38. Kb3 Rb4+ 39. Ka3 Re5 40. Rc1 g6 41. h6 Kf8 42. Rc7 Rxe6 43. Rf7+ Kg8 44. Rg7+ Kf8 45. Rf7+ 1/2-1/2

[Event "Nizhnij Novgorod Dubinin Memorial 17th"]
[Site "Nizhnij Novgorod"]
[Date "2010.??.??"]
[Round "?"]
[White "Sedova, Evgenia"]
[Black "Shilnikov, Igor S"]
[Result "1/2-1/2"]
[WhiteElo "1875"]
[BlackElo "1931"]
[PlyCount "100"]
[EventDate "2010.01.03"]
[EventType "swiss"]
[EventRounds "9"]
[EventCountry "RUS"]
[SourceTitle "CBM 134 Extra"]
[Source "ChessBase"]
[SourceDate "2010.03.03"]
[SourceVersion "1"]
[SourceVersionDate "2010.03.03"]
[SourceQuality "1"]

1. d4 Nf6 2. c4 e6 3. Nf3 b6 4. a3 Bb7 5. Nc3 d5 6. Qa4+ Bc6 7. Qc2 Ne4 8. cxd5 exd5 9. Ne5 Bb7 10. Bf4 f6 11. Qa4+ c6 12. Nd3 Nxc3 13. bxc3 Bd6 14. e3 Qe7 15. Be2 0-0 16. 0-0 Nd7 17. c4 f5 18. cxd5 cxd5 19. Bxd6 Qxd6 20. Rfc1 a6 21. Rc3 Rac8 22. Rac1 b5 23. Qb4 Qxb4 24. Nxb4 Rxc3 25. Rxc3 Nb6 26. Bf3 Rf7 27. g3 a5 28. Nd3 Nc4 29. Bg2 Kf8 30. Rb3 Bc6 31. Ne5 Nxe5 32. dxe5 Rd7 33. Rc3 Bb7 34. Rc5 b4 35. axb4 axb4 36. Rb5 Rc7 37. Bxd5 Bxd5 38. Rxd5 Rb7 39. Rd1 b3 40. Rb1 Ke7 41. Kf1 g5 42. Ke2 Ke6 43. f4 b2 44. Kd2 Rb3 45. Kc2 Rxe3 46. Rxb2 gxf4 47. gxf4 Re4 48. Rb6+ Kd5 49. Rd6+ Kc5 50. Rh6 Rxf4 1/2-1/2

[Event "Nizhnij Novgorod-ch HL"]
[Site "Nizhnij Novgorod"]
[Date "2009.11.14"]
[Round "?"]
[White "Sedova, Evgenia"]
[Black "Chernikova, Svetlana"]
[Result "0-1"]
[WhiteElo "1849"]
[BlackElo "2131"]
[PlyCount "59"]
[EventDate "2009.11.14"]
[EventType "swiss"]
[EventRounds "9"]
[EventCountry "RUS"]
[SourceTitle "EXT 2022"]
[Source "ChessBase"]
[SourceDate "2021.10.06"]
[SourceVersion "1"]
[SourceVersionDate "2021.10.06"]
[SourceQuality "1"]

1. d4 g6 2. c4 Bg7 3. Nc3 d6 4. e4 Nc6 5. Nf3 Bg4 6. Be3 Bxf3 7. gxf3 e5 8. d5 Nd4 9. Nb5 Nxb5 10. Qa4 a6 11. cxb5 Qd7 12. Rc1 Ne7 13. Qa5 c6 14. dxc6 bxc6 15. b6 Qb7 16. Rc3 c5 17. Bc4 0-0 18. Rb3 Bf6 19. a4 Rfd8 20. 0-0 Nc6 21. Qd2 a5 22. Bd5 Ra6 23. Rb5 Rxb6 24. Bxc6 Qxc6 25. Qxa5 Rdb8 26. Rxb6 Rxb6 27. Rb1 Ra6 28. Qc3 Qxa4 29. b4 Qb5 30. Rb2 0-1

[Event "Nizhnij Novgorod Hopes Cup op"]
[Site "Nizhnij Novgorod"]
[Date "2009.08.??"]
[Round "4"]
[White "Sedova, Evgenia"]
[Black "Anashkin, Oleg"]
[Result "1-0"]
[WhiteElo "1838"]
[BlackElo "2160"]
[PlyCount "67"]
[EventDate "2009.08.10"]
[EventType "swiss"]
[EventRounds "9"]
[EventCountry "RUS"]
[SourceTitle "EXT 2022"]
[Source "ChessBase"]
[SourceDate "2021.10.06"]
[SourceVersion "1"]
[SourceVersionDate "2021.10.06"]
[SourceQuality "1"]

1. d4 Nf6 2. c4 e6 3. Nf3 b6 4. a3 Bb7 5. Nc3 c5 6. Bf4 d6 7. e3 Nh5 8. Bg5 Be7 9. Bxe7 Qxe7 10. Be2 f5 11. d5 Nf6 12. dxe6 0-0 13. Nd5 Qxe6 14. Nc7 Qe7 15. Nxa8 Bxa8 16. 0-0 Nbd7 17. b4 Ne4 18. Qc2 g5 19. bxc5 dxc5 20. Rfd1 g4 21. Nd2 Ndf6 22. Nxe4 Nxe4 23. Rd3 Rf6 24. Rad1 Bc6 25. Rd8+ Kf7 26. Rh8 Rh6 27. g3 Nxf2 28. Qxf5+ Rf6 29. Rxh7+ Kg8 30. Rxe7 Nh3+ 31. Kf1 Rxf5+ 32. Ke1 Rf7 33. Rxf7 Kxf7 34. Bxg4 1-0

[Event "RUS-chB U18"]
[Site "Dagomys"]
[Date "2009.04.18"]
[Round "4"]
[White "Khovrina, Nataliya"]
[Black "Sedova, Evgenia"]
[Result "0-1"]
[WhiteElo "1758"]
[BlackElo "1853"]
[PlyCount "88"]
[EventDate "2009.04.15"]
[EventType "swiss"]
[EventRounds "9"]
[EventCountry "RUS"]
[SourceTitle "EXT 2010"]
[Source "ChessBase"]
[SourceDate "2010.11.25"]
[SourceVersion "1"]
[SourceVersionDate "2010.11.25"]
[SourceQuality "1"]

1. e4 c5 2. Nf3 Nc6 3. d4 cxd4 4. Nxd4 Nf6 5. Nc3 Qb6 6. Nb3 e6 7. a3 a6 8. Bf4 e5 9. Be3 Qd8 10. Bd3 d5 11. Bg5 dxe4 12. Nxe4 Be7 13. Be3 0-0 14. 0-0 Nd5 15. Qh5 g6 16. Qh6 Nxe3 17. Qxe3 b6 18. Rad1 Qc7 19. Qh6 Be6 20. Ng3 f5 21. f3 Bf6 22. Qc1 Rad8 23. Be2 a5 24. Rfe1 a4 25. Nd2 Bg5 26. Bd3 Nd4 27. Ne2 Nxc2 28. Bxc2 Qc5+ 29. Kh1 Qf2 30. f4 Bd5 31. Rg1 exf4 32. Nf3 Bxf3 33. Rxd8 Rxd8 34. gxf3 Qxe2 35. Rxg5 Rd2 36. Qg1 Qxf3+ 37. Qg2 Rxg2 38. Rxg2 Qf1+ 39. Rg1 Qc4 40. Bd1 Qd5+ 41. Rg2 Qxd1+ 42. Rg1 Qb3 43. Rg2 f3 44. Rg1 f2 0-1

[Event "RUS-chB U18"]
[Site "Dagomys"]
[Date "2009.04.16"]
[Round "2"]
[White "Ismatulaeva, Elmira"]
[Black "Sedova, Evgenia"]
[Result "1-0"]
[WhiteElo "1979"]
[BlackElo "1853"]
[PlyCount "105"]
[EventDate "2009.04.15"]
[EventType "swiss"]
[EventRounds "9"]
[EventCountry "RUS"]
[SourceTitle "EXT 2010"]
[Source "ChessBase"]
[SourceDate "2010.11.25"]
[SourceVersion "1"]
[SourceVersionDate "2010.11.25"]
[SourceQuality "1"]

1. d4 d5 2. c4 c6 3. Nf3 Nf6 4. e3 a6 5. cxd5 cxd5 6. Nc3 Nc6 7. Bd3 Bg4 8. 0-0 e6 9. h3 Bxf3 10. Qxf3 Bd6 11. Bd2 0-0 12. Rac1 Rc8 13. Na4 b5 14. Nc5 Qb6 15. Qe2 e5 16. Bf5 Rcd8 17. dxe5 Bxe5 18. Rc2 d4 19. Rfc1 dxe3 20. Bxe3 Nd4 21. Bxd4 Bxd4 22. Qf3 g6 23. Be4 Rfe8 24. Bc6 Re7 25. Nb7 Rf8 26. b3 Kg7 27. Nd6 Rd8 28. Nb7 Rf8 29. Nc5 Rd8 30. a4 b4 31. Nb7 Rf8 32. a5 Qa7 33. Re2 Rxe2 34. Qxe2 Bc3 35. Rd1 Rc8 36. Bf3 Re8 37. Qd3 Re7 38. Nd6 Rd7 39. Bc6 Rc7 40. Bf3 Rc5 41. Nc4 Qe7 42. Qd6 Qa7 43. Qb6 Qe7 44. Qxa6 Rf5 45. Qd6 Qe8 46. a6 Rxf3 47. gxf3 Qe2 48. Qd3 Qe7 49. Qe3 Qf8 50. a7 Qa8 51. Rd3 Qb7 52. Qb6 Qc8 53. Ne3 1-0

[Event "Nizhnij Novgorod-ch 61st"]
[Site "Nizhnij Novgorod"]
[Date "2009.03.??"]
[Round "?"]
[White "Sedova, Evgenia"]
[Black "Pokhlebkin, Vladimir"]
[Result "1-0"]
[WhiteElo "1872"]
[BlackElo "2121"]
[PlyCount "71"]
[EventDate "2009.03.06"]
[EventType "swiss"]
[EventRounds "9"]
[EventCountry "RUS"]
[SourceTitle "EXT 2010"]
[Source "ChessBase"]
[SourceDate "2010.11.25"]
[SourceVersion "1"]
[SourceVersionDate "2010.11.25"]
[SourceQuality "1"]

1. Nf3 d6 2. c4 Nf6 3. Nc3 Bg4 4. d4 g6 5. e4 Bxf3 6. Qxf3 Nfd7 7. Be3 Bg7 8. Rd1 Nc6 9. Be2 0-0 10. h4 e5 11. d5 Nd4 12. Qh3 Nc2+ 13. Kd2 Nxe3 14. fxe3 h6 15. g4 a6 16. g5 h5 17. Rdg1 b5 18. Bxh5 b4 19. Ne2 Nc5 20. Ng3 c6 21. Bg4 Qa5 22. h5 Qxa2 23. Rb1 Qxc4 24. Be2 Nxe4+ 25. Nxe4 Qxe4 26. Bd3 Qxd5 27. hxg6 Rfd8 28. Qh7+ Kf8 29. gxf7 Qg2+ 30. Be2 Qd5+ 31. Ke1 Ke7 32. Rf1 Kf8 33. Qg8+ Ke7 34. Qxg7 Rf8 35. Qf6+ Kd7 36. g6 1-0

[Event "Nizhnij Novgorod-ch 61st"]
[Site "Nizhnij Novgorod"]
[Date "2009.03.??"]
[Round "?"]
[White "Sedova, Evgenia"]
[Black "Zaitsev, Alexander"]
[Result "1/2-1/2"]
[WhiteElo "1872"]
[BlackElo "2375"]
[PlyCount "138"]
[EventDate "2009.03.06"]
[EventType "swiss"]
[EventRounds "9"]
[EventCountry "RUS"]
[SourceTitle "EXT 2010"]
[Source "ChessBase"]
[SourceDate "2010.11.25"]
[SourceVersion "1"]
[SourceVersionDate "2010.11.25"]
[SourceQuality "1"]

1. d4 d5 2. Nf3 e6 3. c4 dxc4 4. Qa4+ Nd7 5. Qxc4 Nb6 6. Qc2 Nf6 7. Bg5 Be7 8. Nc3 0-0 9. e3 Nfd5 10. Bxe7 Qxe7 11. a3 Nxc3 12. bxc3 c5 13. Bd3 h6 14. 0-0 Bd7 15. Ne5 Ba4 16. Qe2 cxd4 17. cxd4 Rfc8 18. Rfc1 Rxc1+ 19. Rxc1 Qxa3 20. Rf1 Rc8 21. Qf3 f6 22. Ng6 Bc6 23. e4 Rd8 24. Qh3 Qd6 25. Bc2 Be8 26. e5 Qxd4 27. Qxe6+ Bf7 28. Qe7 Bxg6 29. Bxg6 fxe5 30. Qf7+ Kh8 31. Bc2 Qd5 32. Qg6 Qg8 33. g4 Nc4 34. Bb3 b5 35. Ra1 a5 36. Rxa5 Rd1+ 37. Bxd1 Nxa5 38. Bc2 b4 39. Qa6 b3 40. Bd3 Qd8 41. Qb5 b2 42. Bf5 g6 43. Qxe5+ Kh7 44. Bc2 Nc4 45. Qe6 b1Q+ 46. Bxb1 Qd1+ 47. Kg2 Qxb1 48. Qf7+ Kh8 49. Qxc4 Qb7+ 50. Kg3 Kg7 51. Qd4+ Kf7 52. Qf4+ Kg7 53. Qf3 Qc7+ 54. Kg2 Qe7 55. Qd5 Qc7 56. h4 Qf4 57. Qf3 Qc7 58. h5 gxh5 59. gxh5 Qd6 60. Qg3+ Qxg3+ 61. Kxg3 Kf6 62. Kg4 Ke6 63. Kf4 Kf6 64. f3 Ke6 65. Ke4 Kf6 66. f4 Ke6 67. f5+ Kf7 68. Ke5 Ke7 69. f6+ Kf8 1/2-1/2

[Event "Privolzhskogo FO-ch (Women)"]
[Site "Izhevsk"]
[Date "2009.01.08"]
[Round "8"]
[White "Chukhlantseva, Anna"]
[Black "Sedova, Evgenia"]
[Result "1-0"]
[WhiteElo "1842"]
[BlackElo "1872"]
[PlyCount "99"]
[EventDate "2009.01.04"]
[EventType "swiss"]
[EventRounds "9"]
[EventCountry "RUS"]
[SourceTitle "EXT 2010"]
[Source "ChessBase"]
[SourceDate "2010.11.25"]
[SourceVersion "1"]
[SourceVersionDate "2010.11.25"]
[SourceQuality "1"]

1. e4 c5 2. Nf3 Nc6 3. d4 cxd4 4. Nxd4 Nf6 5. Nc3 Qb6 6. Nb3 e6 7. a3 a6 8. Be2 Be7 9. Be3 Qc7 10. 0-0 b5 11. f4 d6 12. Bf3 Bb7 13. Qe1 Rc8 14. Qg3 0-0 15. f5 Ne5 16. Bh6 Ne8 17. Be2 Bf6 18. Bg5 Bxg5 19. Qxg5 Nf6 20. Bd3 Qb6+ 21. Kh1 Neg4 22. Qd2 Ne5 23. Rae1 Rfe8 24. Nd1 Nc4 25. Qc1 exf5 26. exf5 Qc6 27. Rxe8+ Rxe8 28. Rg1 Re1 29. Qg5 Rxg1+ 30. Kxg1 Qb6+ 31. Kh1 Ne5 32. Qd2 h6 33. Ne3 Ne4 34. Bxe4 Bxe4 35. Nd4 d5 36. c3 a5 37. Ne2 Qd8 38. Ng3 Qd7 39. Qd4 f6 40. h3 Qc6 41. Qa7 a4 42. Nh5 Qd7 43. Qa8+ Kh7 44. Ng3 Nc6 45. Qf8 d4 46. cxd4 Qxd4 47. Qe8 Ne5 48. Ng4 Bc6 49. Qe7 Qxb2 50. Nxf6+ 1-0